000 01422nam a2200217Ia 4500
003 Ost
005 20260507074948.0
008 260507s9999||||xx |||||||||||||| ||und||
020 _a9774220064
040 _cfsecg
041 _aara
082 _a658
100 _aعمر، أيمن علي
_eمؤلف
245 0 _aإدارة المشروعات الصغيرة :
_bمدخل بيئي مقارن /
_c أيمن علي عمر
260 _aالاسكندرية:
_bالدار الجامعية,
_c2007
300 _a372 صفحة؛
_bإيضاحات ؛
_c25 سم
504 _aببليوغرافيا:ص.367-372
520 _aمفهوم المشروعات الصغيرة،المعايير السائدة في تقييم المشروعات،الصناعات التحويلية أساس المشروعات الصغيرة والتحولات الإقتصادية الهائلة،قدرة الصناعات الصغيرة على امتصاص فائض العمالة والمساهمة الإيجابية في حل مشكلة البطالة،أبرز المعوقات والمشكلات التي تواجه المشروعات الصغيرة بالتطبيق على مصر،تجارب مقارنة عربية ودولية للمشروعات الصغيرة،مقترحات بأساليب ووسائل لتنمية قطاع المشروعات الصغيرة
653 _aالمشروعات-تنظيم وإدارة
942 _cكتاب
999 _c41972
_d41972